000 00279nam a2200109Ia 4500
008 201216s9999 xx 000 0 und d
100 _aOdiorne, George S.
245 0 _aManagement decisions by objectives
260 _aEnglewood Cliffs
_bPrentice Hall
300 _a252
942 _cBK
999 _c6138
_d6138